00767nam a2200217 a 450000100060000000300080000600500170001400800410003103500190007204000370009104100080012808200250013610000230016124500760018426000920026030000380035249000440039050400410043470000300047583000440050536581BD-RjUL20211209052515.0190213s1969 bg a bl f000 0 eng d a(BD-RjUL)36682 aDLCbengcDLCerdadDLCdBD-RjUL aeng 223a363.97bALF 19691 aAlauddin, Mohammad aA few facts about male sterilization /cMohammad Alauddin, Fatema Ahmed aDacca : bCollege of Social Welfare and Research Centre, Dacca University, 1969.c1969. a[3], 45 leaves :bIll. ; c25 cm. aMimeographed reports and studies ;v9.  aIncludes bibliographical references. a Ahmed, Fatema, jt. auth. aMimeographed reports and studies ;v9.